|
|
|
|
| LEADER |
00000nam a22000007a 4500 |
| 005 |
20170902221133.0 |
| 007 |
cr|||| |||| |
| 008 |
170902s2016 es |||||s|||| 00||0 spa d |
| 020 |
|
|
|a 978-84-16608-52-2
|
| 035 |
|
|
|a 20501
|
| 040 |
|
|
|a vLex
|
| 090 |
|
|
|c 6891
|d 6891
|
| 100 |
1 |
|
|a Martn̕ez Barroso, M® de los Reyes
|
| 245 |
1 |
0 |
|a Sujetos responsables de los incumplimientos en materia preventiva
|h [Recurso electrn̤ico] /
|c M® de los Reyes Martn̕ez Barroso
|
| 256 |
|
|
|a Servicio en ln̕ea
|
| 260 |
|
|
|a Albacete:
|b Editorial Bomarzo,
|c 2016
|
| 300 |
|
|
|a 1 recurso electrn̤ico
|
| 506 |
1 |
|
|a Disponible solo en los productos indicados
|d vLex Global
|d vLex Global (Academic Edition, excluding Law Schools)
|d vLex Global (U.S. Academic Edition, Law Schools)
|d vLex Global (U.S. Academic Edition, excluding Law Schools)
|d vLex Global (Academic Edition, Law Schools)
|
| 650 |
0 |
4 |
|a Derecho Laboral y Seguridad Social
|z Espaą
|
| 740 |
0 |
|
|a vLex Libros (Servicio en ln̕ea)
|
| 856 |
4 |
0 |
|u http://vlex.com/source/sujetos-responsables-de-los-incumplimientos-en-materia-preventiva-20501
|z Acceso restringido
|
| 942 |
|
|
|c BOOK
|
| 999 |
0 |
|
|a Labor law and social security
|